000 00721nam a2200205Ii 4500
003 JO-AjNU
008 230605s9999||||xx |||||||||||||| ||und||
040 _aJO-AjNU
_bara
_erda
_cJO-AjNU
041 _aara
050 1 4 _aPJ6127.L3948 1995
100 3 _aسعد الدين، ليلى حسن,
_eauthor
_939491
245 0 0 _aمستويات اللغة العربية (100) لطلبة الجامعة الأردنية
250 _aط2
264 3 1 _aعمان: دار الفكر للطباعة والنشر والتوزيع، 1995
300 _a96ص
336 _atext
_btxt
_2rdacontent
337 _aunmediated
_bn
_2rdamedia
338 _avolume
_bnc
_2rdacarrier
650 4 _aاللغة العربية-قواعد
_939492
999 _aA16683
_c20251
_d20251